|
|
|
|
| LEADER |
01735nam a22004575i 4500 |
| 001 |
978-0-306-48110-9 |
| 003 |
DE-He213 |
| 005 |
20151204142839.0 |
| 007 |
cr nn 008mamaa |
| 008 |
100301s2002 xxu| s |||| 0|eng d |
| 020 |
|
|
|a 9780306481109
|9 978-0-306-48110-9
|
| 024 |
7 |
|
|a 10.1007/b102009
|2 doi
|
| 040 |
|
|
|d GrThAP
|
| 050 |
|
4 |
|a QD505
|
| 072 |
|
7 |
|a PNRD
|2 bicssc
|
| 072 |
|
7 |
|a SCI013060
|2 bisacsh
|
| 082 |
0 |
4 |
|a 541.395
|2 23
|
| 100 |
1 |
|
|a Likhtenshtein, Gertz I.
|e author.
|
| 245 |
1 |
0 |
|a New Trends in Enzyme Catalysis and Biomimetic Chemical Reactions
|h [electronic resource] /
|c by Gertz I. Likhtenshtein.
|
| 264 |
|
1 |
|a Boston, MA :
|b Springer US,
|c 2002.
|
| 300 |
|
|
|a X, 230 p. 7 illus.
|b online resource.
|
| 336 |
|
|
|a text
|b txt
|2 rdacontent
|
| 337 |
|
|
|a computer
|b c
|2 rdamedia
|
| 338 |
|
|
|a online resource
|b cr
|2 rdacarrier
|
| 347 |
|
|
|a text file
|b PDF
|2 rda
|
| 505 |
0 |
|
|a Methods of Investigation of the Structure and Action Mechanisms of Active Sites of Enzymes -- Mechanisms of Enzymatic Reactions -- Mechanisms of Chosen Enzyme Reactions -- Some Protein Properties Important for Enzyme Catalysis -- Areas Related to Enzyme Catalysis -- Model Models of Enzymes.
|
| 650 |
|
0 |
|a Chemistry.
|
| 650 |
|
0 |
|a Inorganic chemistry.
|
| 650 |
|
0 |
|a Physical chemistry.
|
| 650 |
|
0 |
|a Catalysis.
|
| 650 |
1 |
4 |
|a Chemistry.
|
| 650 |
2 |
4 |
|a Catalysis.
|
| 650 |
2 |
4 |
|a Physical Chemistry.
|
| 650 |
2 |
4 |
|a Inorganic Chemistry.
|
| 710 |
2 |
|
|a SpringerLink (Online service)
|
| 773 |
0 |
|
|t Springer eBooks
|
| 776 |
0 |
8 |
|i Printed edition:
|z 9781402010064
|
| 856 |
4 |
0 |
|u http://dx.doi.org/10.1007/b102009
|z Full Text via HEAL-Link
|
| 912 |
|
|
|a ZDB-2-CMS
|
| 912 |
|
|
|a ZDB-2-BAE
|
| 950 |
|
|
|a Chemistry and Materials Science (Springer-11644)
|